Материалы совещания по мореплаванию и судостроению. Доклады и записки: "Наше законодательство в отношении каботажа", "О мероприя...

Доступно только в Электронных читальных залах Найти на картеНа карте
RUSMARC
00003781nmc2a22002533x 450
001d9baf321-7cf2-4597-a770-866ada41a952
00520221107144344.0
100##$a20210915l19171918k l0rusy0189 ca
1010#$arus
102##$aRU
105##$ay###
1222#$ad
2001#$aМатериалы совещания по мореплаванию и судостроению. Доклады и записки: "Наше законодательство в отношении каботажа", "О мероприятиях, намечаемых в Германии для поощрения торгового флота", проект закона о вольных гаванях и другое
$j5 мая 1917 г. - 27 июля 1918 г.
215##$a94 л.
$d37,5х25,5 см
251##$cДело
300##$aРазные материалы, связанные с Русским обществом пароходства и торговли
300##$aМашинопись
371##$aДокумент не является опубликованным и широко распространяемым
461#0$1001db61d72f-43f2-409f-8a83-e0351aa81d78
$12001
$aМолчанов Анатолий Евграфович (1856-1921)
$1251
$cФонд
$1852
$j678
462#0$10019dad07dd-c609-4d13-9b36-4e45395a7de5
$12001
$aМолчанов Анатолий Евграфович
$1251
$cОпись
$1852
$j1
801#0$aRU
$bРГИА
$c20210915
$gRCR
801#1$aRU
$bГлавНИВЦ
$c20210915
$2rusmarc
801#2$aRU
$bПБ им. Б.Н. Ельцина
$c20221107
$gRCR
$2rusmarc
850##$aРГИА
852##$aРГИА
$eФедеральное казенное учреждение "Российский государственный исторический архив" (РГИА)
$j1460
937##$hРГИА
$d12322871
$aASBIBLIO_SCAN
035##$aRusGRCC00046982
856##$uhttp://readingroom.main.prlib.ru/item.aspx?id_node=n180441611&mode=full
Формат отображения